| 000 | 00619nam a2200193Ia 4500 | ||
|---|---|---|---|
| 003 | LK-CoDNM | ||
| 005 | 20241210131044.0 | ||
| 008 | 010623t1970 xxu||||| |||| 00| 1 sin d | ||
| 040 |
_aLK-CoDNM _dLK-CoDNM _eLK-CoDNM |
||
| 041 | _asin | ||
| 080 |
_a954.87 ''19'' _bWIM |
||
| 100 | _aWimalananda,Thennakoon | ||
| 245 | _aසිංහලයේ සංහාරය,කඩහපොළ හිමිගේ නඬුව හා මරණය | ||
| 246 | _aSinhalaye Sanharaya : Kadahapola himige Naduwa ha Maranaya | ||
| 260 |
_bGunasena _aColombo _c1970 |
||
| 300 | _b114p. : map , 21 cm | ||
| 650 | _aStory | ||
| 942 | _cBK | ||
| 999 |
_c108352 _d108352 |
||